| 000 | 00495 a2200181 4500 | ||
|---|---|---|---|
| 003 | OSt | ||
| 005 | 20240201095038.0 | ||
| 008 | 240201b |||||||| |||| 00| 0 eng d | ||
| 020 | _a9789391899295 | ||
| 040 | _coclc | ||
| 082 |
_a211.6 _bASH/P |
||
| 100 |
_aAshraf, K _97710 |
||
| 245 |
_aPostsecularism / _cK. Ashraf |
||
| 250 | _a1st ed. | ||
| 260 |
_aKozhikode: _bIslamic Publishing House, _c2022. |
||
| 300 | _a312p. | ||
| 942 |
_2ddc _cBK _h211.6 _iASH/P _k211.6 _mASH/P |
||
| 999 |
_c43391 _d43391 |
||